| 000 | 02215cam a22005534i 4500 | ||
|---|---|---|---|
| 003 | PE-LiUPU | ||
| 005 | 20250731180136.0 | ||
| 008 | 150625s r 000 0 d | ||
| 020 | _a9788480216098 | ||
| 035 | _a(Sirsi) i9788480216098 | ||
| 040 |
_aPE-LiUPU _bspa _cPE-LiUPU _erda |
||
| 049 | _aPRUA | ||
| 082 | 0 | 4 |
_a517.93 _bS21 _221 |
| 100 | 1 |
_aSanchis Llopis, Roberto, _eautor. |
|
| 245 | 1 | 0 |
_aProblemas resueltos de teoría de sistemas / _cRoberto Sanchis Llopis. |
| 250 | _a2a | ||
| 264 | 1 |
_aCastelló de la Plana : _bPublicacions de la Universitat Jaume I, _c2007. |
|
| 300 |
_a349 páginas : _bilustraciones ; _c24 centímetros |
||
| 336 |
_atext _2rdacontent |
||
| 337 |
_aunmediated _2rdamedia |
||
| 338 |
_avolume _2rdacarrier |
||
| 490 | 0 |
_aTreballs d'informàtica i tecnologia ; _v11 |
|
| 504 | _aIncluye bibliografía. | ||
| 505 | 0 | _aRespuesta temporal de sistemas continuos. -Respuesta temporal de sistemas discretos. -Sistemas continuos muestreados. -Simplificación de diagramas de bloques. -Modelado de sistemas físicos. Linealización. -Modelado de sistemas discretos. -Convolución continua y discreta. -Representación interna. -Sistemas continuos de segundo orden. -Respuesta en frecuencia de sistemas continuos. -Cuestiones teóricas. . | |
| 526 | _aSEG44 | ||
| 526 | _aSEG26 | ||
| 526 | _aP159 | ||
| 526 | _aP155 | ||
| 526 | _aP154 | ||
| 526 | _aP153 | ||
| 526 | _aP150 | ||
| 526 | _aP100 | ||
| 526 | _aP31 | ||
| 526 | _aP30 | ||
| 526 | _aP26 | ||
| 526 | _aP25 | ||
| 526 | _aP24 | ||
| 526 | _aP22 | ||
| 526 | _aP15 | ||
| 526 | _aP10 | ||
| 541 | _g014-0000517; | ||
| 650 | 0 | 4 |
_aSistemas, Teoría de _vProblemas, ejercicios, etc. |
| 910 |
_bjv _clch _d20090220 |
||
| 942 |
_2ddc _cBOOK |
||
| 949 |
_a517.93 S21 _wDEWEY _c1 _i59088 _lCCODEBUL1 _mBUL _p29.00 _r0 _sY _tBOOK _u2015-6-25 _xINGENIERIA _PP27 _0COMPRA _o.STAFF. Colección General |
||
| 994 |
_aC0 _bPEPRU |
||
| 596 | _a1 | ||
| 999 |
_a517.93 S21 _wDEWEY _c47907 _i59088 _f2021-11-5 _g7 _lCCODEBUL1 _mBUL _p29.00 _r0 _sY _tBOOK _u2015-6-25 _xBIBLIOTECA _PP27 _0COMPRA _o.STAFF. Colección General _d47907 |
||
| 980 |
_81 _gALBERTO SANCHEZ Responsable de Automatización |
||